Every 500k city in Europe - Statistics

General Stats
  • This quiz has been taken 555 times
  • The average score is 58 of 76
Answer Stats
Country Population City % Correct
๐Ÿ‡ฌ๐Ÿ‡ง 8.888.608 London
100%
๐Ÿ‡ช๐Ÿ‡ธ 3.305.408 Madrid
99%
๐Ÿ‡ฉ๐Ÿ‡ช 3.677.472 Berlin
98%
๐Ÿ‡ซ๐Ÿ‡ท 2.165.423 Paris
98%
๐Ÿ‡ฎ๐Ÿ‡น 2.761.632 Rome
97%
๐Ÿ‡ช๐Ÿ‡ธ 1.636.732 Barcelona
95%
๐Ÿ‡ฉ๐Ÿ‡ช 1.487.708 Munich
95%
๐Ÿ‡ฆ๐Ÿ‡น 1.931.593 Vienna
95%
๐Ÿ‡ญ๐Ÿ‡บ 1.752.286 Budapest
94%
๐Ÿ‡ฎ๐Ÿ‡น 1.371.498 Milan
94%
๐Ÿ‡ฉ๐Ÿ‡ช 1.853.935 Hamburg
93%
๐Ÿ‡บ๐Ÿ‡ฆ 2.952.301 Kiev
93%
๐Ÿ‡ณ๐Ÿ‡ฑ 903.399 Amsterdam
92%
๐Ÿ‡ง๐Ÿ‡ฌ 1.183.454 Sofia
92%
๐Ÿ‡จ๐Ÿ‡ฟ 1.301.432 Prague
91%
๐Ÿ‡ณ๐Ÿ‡ด 699.827 Oslo
90%
๐Ÿ‡ธ๐Ÿ‡ช 978.770 Stockholm
90%
๐Ÿ‡ฉ๐Ÿ‡ช 759.224 Frankfurt
89%
๐Ÿ‡ต๐Ÿ‡ฑ 1.860.281 Warsaw
89%
๐Ÿ‡ฉ๐Ÿ‡ช 1.073.096 Cologne
88%
๐Ÿ‡ฌ๐Ÿ‡ง 560.392 Manchester
88%
๐Ÿ‡ซ๐Ÿ‡ฎ 658.457 Helsinki
87%
๐Ÿ‡ง๐Ÿ‡พ 2.009.786 Minsk
87%
๐Ÿ‡ฎ๐Ÿ‡น 914.758 Naples
87%
๐Ÿ‡ฎ๐Ÿ‡ช 588.233 Dublin
86%
๐Ÿ‡ฌ๐Ÿ‡ง 576.561 Liverpool
86%
๐Ÿ‡ซ๐Ÿ‡ท 870.731 Marseille
86%
๐Ÿ‡ฌ๐Ÿ‡ง 1.161.258 Birmingham
85%
๐Ÿ‡ณ๐Ÿ‡ฑ 655.468 Rotterdam
84%
๐Ÿ‡ท๐Ÿ‡ด 1.819.419 Bucharest
83%
๐Ÿ‡ฉ๐Ÿ‡ฐ 644.431 Copenhagen
83%
๐Ÿ‡ต๐Ÿ‡น 544.851 Lisbon
83%
๐Ÿ‡ฎ๐Ÿ‡น 848.885 Turin
83%
๐Ÿ‡ฌ๐Ÿ‡ท 637.798 Athens
82%
๐Ÿ‡ช๐Ÿ‡ธ 789.744 Valencia
82%
๐Ÿ‡ซ๐Ÿ‡ท 522.969 Lyon
81%
๐Ÿ‡ช๐Ÿ‡ธ 684.234 Sevilla
81%
๐Ÿ‡ฌ๐Ÿ‡ง 631.690 Glasgow
80%
๐Ÿ‡ฑ๐Ÿ‡ป 614.618 Riga
80%
๐Ÿ‡ฉ๐Ÿ‡ช 626.275 Stuttgart
79%
๐Ÿ‡ญ๐Ÿ‡ท 665.774 Zagreb
79%
๐Ÿ‡ท๐Ÿ‡ธ 1.166.763 Belgrade
78%
๐Ÿ‡ฉ๐Ÿ‡ช 619.477 Dรผsseldorf
78%
๐Ÿ‡ฌ๐Ÿ‡ง 505.310 Edinburgh
76%
๐Ÿ‡ต๐Ÿ‡ฑ 800.653 Krakow
76%
๐Ÿ‡ฉ๐Ÿ‡ช 586.852 Dortmund
75%
๐Ÿ‡ฉ๐Ÿ‡ช 555.351 Dresden
74%
๐Ÿ‡ฉ๐Ÿ‡ช 601.866 Leipzig
74%
๐Ÿ‡บ๐Ÿ‡ฆ 1.010.537 Odessa
73%
๐Ÿ‡ฑ๐Ÿ‡น 546.155 Vilnius
73%
๐Ÿ‡ณ๐Ÿ‡ฑ 553.417 The Hague
71%
๐Ÿ‡ฉ๐Ÿ‡ช 563.290 Bremen
70%
๐Ÿ‡ฎ๐Ÿ‡น 630.828 Palermo
70%
๐Ÿ‡ฌ๐Ÿ‡ง 515.947 Leeds
69%
๐Ÿ‡ธ๐Ÿ‡ช 587.549 Gothenburg
67%
๐Ÿ‡บ๐Ÿ‡ฆ 717.273 Lviv
67%
๐Ÿ‡ฒ๐Ÿ‡ฐ 512.000 Skopje
67%
๐Ÿ‡ฉ๐Ÿ‡ช 535.932 Hanover
66%
๐Ÿ‡ง๐Ÿ‡ช 530.630 Antwerp
65%
๐Ÿ‡ฉ๐Ÿ‡ช 510.632 Nuremberg
65%
๐Ÿ‡ฉ๐Ÿ‡ช 579.432 Essen
64%
๐Ÿ‡บ๐Ÿ‡ฆ 1.421.125 Kharkiv
64%
๐Ÿ‡ช๐Ÿ‡ธ 577.405 Malaga
64%
๐Ÿ‡บ๐Ÿ‡ฆ 901.645 Donetsk
62%
๐Ÿ‡ฒ๐Ÿ‡ฉ 532.513 Chisinau
60%
๐Ÿ‡ฎ๐Ÿ‡น 560.688 Genoa
58%
๐Ÿ‡ต๐Ÿ‡ฑ 670.642 Lodz
57%
๐Ÿ‡ฌ๐Ÿ‡ง 525.142 Sheffield
56%
๐Ÿ‡ช๐Ÿ‡ธ 675.301 Zaragoza
55%
๐Ÿ‡บ๐Ÿ‡ฆ 968.502 Dnipro
52%
๐Ÿ‡ต๐Ÿ‡ฑ 672.929 Wroclaw
52%
๐Ÿ‡ฌ๐Ÿ‡ง 586.781 Bristol
51%
๐Ÿ‡ต๐Ÿ‡ฑ 546.859 Poznan
48%
๐Ÿ‡ง๐Ÿ‡พ 507.795 Gomel
35%
๐Ÿ‡บ๐Ÿ‡ฆ 710.052 Zaporizhia
28%
๐Ÿ‡บ๐Ÿ‡ฆ 603.904 Kryvyi Rih
21%
No matching quizzes found
Score Distribution
Percent of People with Each Score
Percentile by Number Answered
Your Score History
You have not taken this quiz